<?xml version="1.0" encoding="UTF-8"?>
<record
    xmlns:xsi="http://www.w3.org/2001/XMLSchema-instance"
    xsi:schemaLocation="http://www.loc.gov/MARC21/slim http://www.loc.gov/standards/marcxml/schema/MARC21slim.xsd"
    xmlns="http://www.loc.gov/MARC21/slim">

  <leader>02132nam a22002297a 4500</leader>
  <controlfield tag="008">251006b        |||||||| |||| 00| 0 eng d</controlfield>
  <datafield tag="020" ind1=" " ind2=" ">
    <subfield code="a">9781538185513</subfield>
  </datafield>
  <datafield tag="040" ind1=" " ind2=" ">
    <subfield code="c">tbs</subfield>
  </datafield>
  <datafield tag="041" ind1=" " ind2=" ">
    <subfield code="a">eng</subfield>
  </datafield>
  <datafield tag="050" ind1=" " ind2=" ">
    <subfield code="a">AM11 </subfield>
    <subfield code="b">.W35 2006  </subfield>
  </datafield>
  <datafield tag="100" ind1=" " ind2=" ">
    <subfield code="a">Wallace, Margot A.</subfield>
    <subfield code="d">1941-</subfield>
    <subfield code="9">26013</subfield>
    <subfield code="e">author</subfield>
  </datafield>
  <datafield tag="245" ind1=" " ind2=" ">
    <subfield code="a">Museum branding </subfield>
    <subfield code="b">: how to create and maintain image, loyalty, and support </subfield>
    <subfield code="c">/ Margot A. Wallace.</subfield>
  </datafield>
  <datafield tag="250" ind1=" " ind2=" ">
    <subfield code="a">Third edition.</subfield>
  </datafield>
  <datafield tag="260" ind1=" " ind2=" ">
    <subfield code="a">Lanham MD :</subfield>
    <subfield code="b">Rowman &amp; Littlefield, </subfield>
    <subfield code="c">2024.</subfield>
  </datafield>
  <datafield tag="300" ind1=" " ind2=" ">
    <subfield code="a">vii, 271 pages :</subfield>
    <subfield code="b">illustrations, portraits (black and white) ;</subfield>
    <subfield code="c">23 cm.</subfield>
  </datafield>
  <datafield tag="520" ind1=" " ind2=" ">
    <subfield code="a">Museums have unequaled brands in the world of learning and culture. They have earned the recognition and loyalty of their many audiences. The challenge is sustaining image, loyalty and support as audiences shift, grow, and change. Museum Branding: Reimagining the Museum is a forward-looking survey of museums as they navigate the present, and plan for the future, holding steady to their heritage. It looks at brands that have refreshed their identity, reframed their missions, and reconfirmed their right to audience loyalty and support. Museums of all sizes, genres, and geography &#x2013; over forty of them &#x2013; exemplify audience-centered branding practices outlined in nineteen chapters that include Collection and Exhibitions, Archives, Fundraising and Development, Partnerships, Talks and Speakers, and Videos. The chapter on Data adds a new perspective to branding literature. The chapter on Discussion Groups builds on the branding sustained and advanced by successful virtual programs. The Chapter on Research and Development gives essential priority developing relationships with prospective members, donors and supporters. The chapter on Publications shows the smart extension of branding into many platforms. An extensive index recognizes the value of this tool for searching specific concepts and museums.</subfield>
  </datafield>
  <datafield tag="650" ind1=" " ind2="0">
    <subfield code="a">Museums</subfield>
    <subfield code="z">United States</subfield>
    <subfield code="x">Management</subfield>
    <subfield code="9">26014</subfield>
  </datafield>
  <datafield tag="650" ind1=" " ind2="0">
    <subfield code="a">Museums</subfield>
    <subfield code="x">Public relations</subfield>
    <subfield code="z">United States</subfield>
    <subfield code="9">26015</subfield>
  </datafield>
  <datafield tag="650" ind1=" " ind2="0">
    <subfield code="a">Museum attendance</subfield>
    <subfield code="z">United States</subfield>
    <subfield code="9">26016</subfield>
  </datafield>
  <datafield tag="650" ind1=" " ind2="0">
    <subfield code="a">Branding (Marketing)</subfield>
    <subfield code="9">6284</subfield>
  </datafield>
  <datafield tag="942" ind1=" " ind2=" ">
    <subfield code="2">lcc</subfield>
  </datafield>
  <datafield tag="952" ind1=" " ind2=" ">
    <subfield code="0">0</subfield>
    <subfield code="1">0</subfield>
    <subfield code="2">lcc</subfield>
    <subfield code="4">0</subfield>
    <subfield code="7">0</subfield>
    <subfield code="a">TBS</subfield>
    <subfield code="b">TBS</subfield>
    <subfield code="d">2025-10-06</subfield>
    <subfield code="l">0</subfield>
    <subfield code="o">AM11 WAL</subfield>
    <subfield code="p">B07656</subfield>
    <subfield code="r">2025-10-06</subfield>
    <subfield code="t">1</subfield>
    <subfield code="w">2025-10-06</subfield>
    <subfield code="y">1</subfield>
  </datafield>
  <datafield tag="999" ind1=" " ind2=" ">
    <subfield code="c">5008</subfield>
    <subfield code="d">5008</subfield>
  </datafield>
</record>
